000 00439nam a22001577a 4500
005 20260304131048.0
008 260304b |||||||| |||| 00| 0 eng d
020 _a9781529714098
050 _aLB1029.G3
_b.N53
100 _aNICHOLSON, SCOTT
245 _aUNLOCKING THE POTENTIAL OF PUZZLE BASED LEARNING
260 _aLondon
_bA Sage Publishing company
_c2021
300 _aiv, 181p.
_billus
650 _alearning psychology
942 _cBK
999 _c4581
_d4581